[Event "Tarrega"]
[Site "Tarrega"]
[Date "2010.05.28"]
[Round "8"]
[White "Companyo Pagerols, Josep Maria"]
[Black "Castany Pampalona, Luis Maria"]
[Result "0-1"]
[WhiteElo "2113"]
[BlackElo "2271"]
[PlyCount "68"]
[EventDate "2010.04.09"]
[EventType "tourn"]
[EventRounds "9"]
[EventCountry "ESP"]
[SourceTitle "EXT 2011"]
[Source "ChessBase"]
[SourceDate "2010.11.26"]
[SourceVersion "1"]
[SourceVersionDate "2010.11.26"]
[SourceQuality "1"]

1. f4 d5 2. Nf3 c5 3. b3 Nc6 4. Bb2 Nf6 5. e3 a6 6. Be2 Qc7 7. 0-0 e6 8. Ne5 Bd6 9. Nxc6 bxc6 10. Qe1 e5 11. Qh4 0-0 12. Bd3 h6 13. Rf3 Ng4 14. f5 Nf6 15. Rg3 Kh7 16. Rh3 Ng8 17. e4 c4 18. Be2 cxb3 19. axb3 dxe4 20. Qxe4 Nf6 21. Qf3 e4 22. Qf1 Be5 23. Nc3 Qd7 24. g4 Kg8 25. Qg2 Qxd2 26. Rd1 Qf4 27. Bc1 Bd4+ 28. Rxd4 Qxc1+ 29. Bd1 c5 30. Rd6 Bb7 31. g5 Qxg5 32. Rg3 Qxf5 33. Rxg7+ Kh8 34. Bg4 Qf4 0-1

[Event "Tarrega"]
[Site "Tarrega"]
[Date "2010.04.30"]
[Round "4"]
[White "Esplugas Esteve, Vicenc"]
[Black "Castany Pampalona, Luis Maria"]
[Result "0-1"]
[WhiteElo "2171"]
[BlackElo "2271"]
[PlyCount "86"]
[EventDate "2010.04.09"]
[EventType "tourn"]
[EventRounds "9"]
[EventCountry "ESP"]
[SourceTitle "EXT 2011"]
[Source "ChessBase"]
[SourceDate "2010.11.26"]
[SourceVersion "1"]
[SourceVersionDate "2010.11.26"]
[SourceQuality "1"]

1. d4 Nf6 2. c4 g6 3. Nc3 Bg7 4. e4 d6 5. f4 0-0 6. Nf3 c5 7. d5 e6 8. Be2 Na6 9. 0-0 Nc7 10. e5 Nfe8 11. Be3 b6 12. Qd2 exd5 13. cxd5 a6 14. Rad1 Bb7 15. f5 dxe5 16. d6 Nb5 17. Nxb5 axb5 18. Bh6 e4 19. Bxg7 Nxg7 20. fxg6 exf3 21. gxh7+ Kh8 22. Bxf3 Bxf3 23. Rxf3 Ra4 24. Qd5 Qd7 25. Rf6 Qg4 26. h3 Qh5 27. d7 Qxd5 28. Rxd5 Raa8 29. Rxb6 Ne6 30. Rxb5 Rxa2 31. d8Q Rxd8 32. Rxd8+ Nxd8 33. Rb8 Ra1+ 34. Kf2 Rd1 35. Rc8 Rd5 36. Ke3 Kxh7 37. Ke4 Rd4+ 38. Ke3 Rd5 39. Ke4 Rd2 40. Rxc5 Rxg2 41. b4 Rg3 42. Rd5 Ne6 43. Rd3 f5+ 0-1

[Event "Tarrega"]
[Site "Tarrega"]
[Date "2010.04.23"]
[Round "3"]
[White "Castany Pampalona, Luis Maria"]
[Black "Ramon Solans, Albert"]
[Result "0-1"]
[WhiteElo "2271"]
[BlackElo "2171"]
[PlyCount "66"]
[EventDate "2010.04.09"]
[EventType "tourn"]
[EventRounds "9"]
[EventCountry "ESP"]
[SourceTitle "EXT 2011"]
[Source "ChessBase"]
[SourceDate "2010.11.26"]
[SourceVersion "1"]
[SourceVersionDate "2010.11.26"]
[SourceQuality "1"]

1. e4 e5 2. Nc3 Bc5 3. Nf3 Nc6 4. Bc4 Nf6 5. d3 h6 6. Be3 Bb6 7. h3 d6 8. d4 0-0 9. d5 Ne7 10. g4 Ng6 11. Qd2 Ba5 12. Qd3 Nxe4 13. Qxe4 f5 14. Qd3 e4 15. Qd2 exf3 16. gxf5 Ne5 17. Bf1 Qh4 18. Rg1 Kh7 19. 0-0-0 Bxf5 20. Rg3 Bb6 21. Bxb6 axb6 22. Qe3 Rae8 23. Rd4 Qf6 24. Qd2 g5 25. Nd1 Bg6 26. Ne3 Re7 27. h4 g4 28. Nxg4 Nxg4 29. Rdxg4 Rfe8 30. h5 Re1+ 31. Qxe1 Rxe1+ 32. Kd2 Rxf1 33. Rxg6 Qd4# 0-1

[Event "Tarrega"]
[Site "Tarrega"]
[Date "2010.04.16"]
[Round "2"]
[White "Pham Guerrero, Sergi"]
[Black "Castany Pampalona, Luis Maria"]
[Result "0-1"]
[WhiteElo "2213"]
[BlackElo "2271"]
[PlyCount "78"]
[EventDate "2010.04.09"]
[EventType "tourn"]
[EventRounds "9"]
[EventCountry "ESP"]
[SourceTitle "EXT 2011"]
[Source "ChessBase"]
[SourceDate "2010.11.26"]
[SourceVersion "1"]
[SourceVersionDate "2010.11.26"]
[SourceQuality "1"]

1. e4 c5 2. Nf3 Nc6 3. d3 g6 4. g3 Bg7 5. Bg2 d6 6. 0-0 Bg4 7. h3 Bd7 8. c3 Nf6 9. Be3 0-0 10. Nbd2 e5 11. Nc4 Qe7 12. a4 h6 13. Qd2 Kh7 14. Qc2 Be6 15. Rad1 Nxe4 16. Ncxe5 dxe5 17. dxe4 Na5 18. Nd2 g5 19. b4 cxb4 20. cxb4 Rfc8 21. Bc5 Qc7 22. Qd3 Rd8 23. Qe2 b6 24. Be3 Nc6 25. f4 f6 26. fxg5 hxg5 27. Qh5+ Kg8 28. Rc1 Qd7 29. Rfd1 Bf7 30. Qe2 Nd4 31. Qa6 b5 32. axb5 Ne2+ 33. Kh2 Nxc1 34. Rxc1 Qd3 35. Re1 Qc3 36. Nf3 Qxb4 37. Rf1 Bc4 38. Bxg5 Qxb5 39. Qxb5 Bxb5 0-1

[Event "ESP-ch op-A"]
[Site "Cala Mendia"]
[Date "2001.11.21"]
[Round "5"]
[White "Garcia Fernandez, Carlos"]
[Black "Castany Pampalona, Luis Maria"]
[Result "1-0"]
[WhiteElo "2411"]
[BlackElo "2232"]
[PlyCount "69"]
[EventDate "2001.11.17"]
[EventType "swiss"]
[EventRounds "9"]
[EventCountry "ESP"]
[SourceTitle "CBM 085 Extra"]
[Source "ChessBase"]
[SourceDate "2002.01.21"]
[SourceVersion "1"]
[SourceVersionDate "2002.01.21"]
[SourceQuality "1"]

1. e4 c5 2. Nf3 Nc6 3. c3 e6 4. d4 d5 5. e5 Qb6 6. a3 c4 7. Nbd2 Na5 8. g3 Bd7 9. h4 h6 10. Bh3 0-0-0 11. 0-0 Be7 12. Rb1 g5 13. h5 Nb3 14. Nxb3 Ba4 15. Nfd2 Rh7 16. Re1 Kb8 17. Kh2 Bf8 18. Qf3 Bxb3 19. Nxb3 Qxb3 20. Be3 Ne7 21. Re2 Nc6 22. Ra1 Be7 23. Qh1 Rg7 24. f3 Rdg8 25. Qe1 Bd8 26. Rd1 a5 27. Rdd2 Ne7 28. Qb1 a4 29. Rf2 Bc7 30. Rg2 Qb5 31. Kh1 Bd8 32. g4 Nc6 33. Rge2 f6 34. exf6 Bxf6 35. Bf2 1-0

[Event "ESP-ch"]
[Site "Barcelona"]
[Date "2000.08.27"]
[Round "9"]
[White "Castany Pampalona, Luis Maria"]
[Black "Merino Garcia, Rafael"]
[Result "1/2-1/2"]
[WhiteElo "2220"]
[BlackElo "2322"]
[PlyCount "26"]
[EventDate "2000.08.18"]
[EventType "swiss"]
[EventRounds "9"]
[EventCountry "ESP"]
[SourceTitle "CBM 077 Extra"]
[Source "ChessBase"]
[SourceDate "2000.09.14"]
[SourceVersion "1"]
[SourceVersionDate "2000.09.14"]
[SourceQuality "1"]

1. e4 c5 2. Nc3 g6 3. Nf3 Bg7 4. d4 cxd4 5. Nxd4 Nc6 6. Be3 Nf6 7. Be2 0-0 8. 0-0 d5 9. exd5 Nxd5 10. Nxd5 Qxd5 11. Nxc6 Qxc6 12. c3 e5 13. Qb3 Be6 1/2-1/2

[Event "ESP-ch"]
[Site "Barcelona"]
[Date "2000.08.24"]
[Round "6"]
[White "Hernandez Estevez, Yudania"]
[Black "Castany Pampalona, Luis Maria"]
[Result "0-1"]
[WhiteElo "2322"]
[BlackElo "2220"]
[PlyCount "112"]
[EventDate "2000.08.18"]
[EventType "swiss"]
[EventRounds "9"]
[EventCountry "ESP"]
[SourceTitle "CBM 077 Extra"]
[Source "ChessBase"]
[SourceDate "2000.09.14"]
[SourceVersion "1"]
[SourceVersionDate "2000.09.14"]
[SourceQuality "1"]

1. e4 Nf6 2. e5 Nd5 3. d4 d6 4. Nf3 Bg4 5. Be2 e6 6. h3 Bh5 7. 0-0 Be7 8. c4 Nb6 9. Nc3 0-0 10. Be3 d5 11. c5 N6d7 12. Qd2 Nc6 13. Rfd1 a6 14. b3 b6 15. cxb6 cxb6 16. Bg5 b5 17. Rac1 Rc8 18. Qf4 Bxf3 19. Bxe7 Qxe7 20. Bxf3 Qb4 21. Ne2 Rc7 22. Bxd5 exd5 23. e6 Qa5 24. exd7 Rd8 25. Ng3 Rdxd7 26. Rc5 Nd8 27. Qe5 Ne6 28. Rxd5 Qxa2 29. Rxd7 Rxd7 30. Rc1 Rd8 31. Nf5 Qd2 32. Re1 Qf4 33. Qxf4 Nxf4 34. Re7 h6 35. Re4 Ne6 36. d5 Nc5 37. Re3 Kf8 38. b4 Rxd5 39. g4 Nd3 40. Re4 g6 41. Ne3 Rd6 42. Nc2 Rc6 43. Ne3 Rc1+ 44. Kg2 Rb1 45. Nd5 Rb2 46. Kf3 Nxf2 47. Rd4 f5 48. gxf5 gxf5 49. Kf4 Nxh3+ 50. Kxf5 Ng5 51. Nc7 Ke7 52. Nxa6 Rf2+ 53. Kg4 Rg2+ 54. Kh5 Ne6 55. Rd1 Nf4+ 56. Kh4 h5 0-1

[Event "ESP-ch"]
[Site "Palencia"]
[Date "1999.08.25"]
[Round "7"]
[White "Castany Pampalona, Luis Maria"]
[Black "Fernandez Palacio, Eduardo"]
[Result "1-0"]
[WhiteElo "2215"]
[BlackElo "2139"]
[PlyCount "31"]
[EventDate "1999.08.19"]
[EventType "swiss"]
[EventRounds "9"]
[EventCountry "ESP"]
[SourceTitle "CBM 071 Extra"]
[Source "ChessBase"]
[SourceDate "1999.09.14"]
[SourceVersion "1"]
[SourceVersionDate "1999.09.14"]
[SourceQuality "1"]

1. e4 e6 2. d4 d5 3. e5 c5 4. c3 Nc6 5. Nf3 Qb6 6. a3 cxd4 7. cxd4 Nh6 8. Nc3 Nf5 9. Na4 Qc7 10. b4 Nfxd4 11. Nxd4 Qxe5+ 12. Be3 Bd7 13. Nf3 Qe4 14. Bd3 Qg4 15. h3 Qh5 16. g4 1-0

[Event "ESP-ch"]
[Site "Palencia"]
[Date "1999.08.22"]
[Round "4"]
[White "Planas, Juan"]
[Black "Castany Pampalona, Luis Maria"]
[Result "1-0"]
[WhiteElo "2248"]
[BlackElo "2215"]
[PlyCount "197"]
[EventDate "1999.08.19"]
[EventType "swiss"]
[EventRounds "9"]
[EventCountry "ESP"]
[SourceTitle "CBM 071 Extra"]
[Source "ChessBase"]
[SourceDate "1999.09.14"]
[SourceVersion "1"]
[SourceVersionDate "1999.09.14"]
[SourceQuality "1"]

1. d4 f5 2. c4 Nf6 3. Nc3 g6 4. g3 Bg7 5. Bg2 Nc6 6. Nf3 d6 7. 0-0 0-0 8. b3 Ne4 9. Bb2 e5 10. dxe5 Nxc3 11. Bxc3 dxe5 12. Qxd8 Rxd8 13. Rad1 Nd4 14. Nxd4 exd4 15. e3 c5 16. exd4 cxd4 17. Bb2 Be6 18. Rfe1 Kf7 19. Bxb7 Rab8 20. Bg2 Bxc4 21. Rd2 Bd5 22. Red1 a5 23. Bxd4 Bxg2 24. Kxg2 a4 25. Bxg7 Rxd2 26. Rxd2 Kxg7 27. Rd7+ Kf6 28. bxa4 Rb4 29. Ra7 Rb2 30. Rxh7 Rxa2 31. Ra7 Ra3 32. a5 f4 33. f3 Ra2+ 34. Kh3 Kg5 35. a6 Ra3 36. gxf4+ Kxf4 37. Rf7+ Ke5 38. a7 Ke6 39. Rb7 Kf6 40. Kg4 Ra2 41. h4 Ra4+ 42. f4 Ra5 43. Kf3 Ra4 44. Ke3 Kf5 45. Kd3 Kg4 46. Kc3 Kxh4 47. Kb3 Ra1 48. f5 Kg5 49. fxg6 Kxg6 50. Kc4 Kf6 51. Kb5 Ke6 52. Rb6+ Kd5 53. Ra6 Rb1+ 54. Ka5 Kc5 55. Rc6+ Kxc6 56. a8Q+ Kc5 57. Qc8+ Kd4 58. Qd7+ Kc3 59. Qf5 Rb3 60. Qe4 Rb2 61. Qe5+ Kc2 62. Qd4 Rb3 63. Ka4 Rb2 64. Ka3 Rb3+ 65. Ka2 Rd3 66. Qc4+ Kd2 67. Kb2 Ke3 68. Kc2 Rd4 69. Qc5 Ke4 70. Kc3 Rd3+ 71. Kc4 Rd1 72. Qe7+ Kf3 73. Qf6+ Ke4 74. Qh4+ Ke3 75. Qg3+ Ke2 76. Qg4+ Kd2 77. Qd4+ Ke2 78. Qe4+ Kd2 79. Qd3+ Ke1 80. Qe3+ Kf1 81. Qf3+ Ke1 82. Qg2 Rd2 83. Qg3+ Kf1 84. Kc3 Rf2 85. Qh3+ Ke1 86. Qh1+ Ke2 87. Qe4+ Kf1 88. Kd3 Rg2 89. Qf3+ Kg1 90. Ke3 Kh2 91. Qf4+ Kh3 92. Qf1 Kh2 93. Qe1 Rg4 94. Kf3 Rg2 95. Qe5+ Kg1 96. Qe3+ Kh2 97. Qe1 Rc2 98. Qe5+ Kg1 99. Qg7+ 1-0

[Event "Catalunya-chT"]
[Site "Spain"]
[Date "1999.??.??"]
[Round "7"]
[White "Castany Pampalona, Luis Maria"]
[Black "Narciso Dublan, Marc"]
[Result "1/2-1/2"]
[WhiteElo "2350"]
[BlackElo "2500"]
[PlyCount "153"]
[EventDate "1999.??.??"]
[EventType "team"]
[EventRounds "9"]
[EventCountry "ESP"]
[SourceTitle "EXT 2000"]
[Source "ChessBase"]
[SourceDate "1999.11.16"]
[SourceVersion "1"]
[SourceVersionDate "1999.11.16"]
[SourceQuality "1"]

1. e4 e5 2. Nf3 Nc6 3. d4 exd4 4. Bc4 Nf6 5. e5 Ne4 6. Qe2 Nc5 7. 0-0 Ne6 8. Bxe6 dxe6 9. Rd1 Be7 10. Nc3 0-0 11. Qe4 f5 12. Qe2 a6 13. Be3 Qe8 14. Nxd4 Nxd4 15. Rxd4 c5 16. Rd6 Bxd6 17. exd6 f4 18. Bxc5 f3 19. Qd3 Bd7 20. Re1 Qh5 21. Bd4 Qg4 22. g3 Rf5 23. Re4 Qh3 24. Qf1 Qxf1+ 25. Kxf1 e5 26. Bb6 Bc6 27. Rc4 Kf7 28. Ke1 Ke6 29. Bc7 Rh5 30. h4 g5 31. hxg5 Rxg5 32. Rh4 h5 33. Kd2 Rh8 34. Ne4 Bxe4 35. Rxe4 Rg4 36. Ke3 Rxe4+ 37. Kxe4 Rf8 38. b3 b5 39. c3 Rf7 40. Bb8 Rf8 41. Bc7 h4 42. gxh4 Rf4+ 43. Ke3 Rxh4 44. d7 Kxd7 45. Bxe5 Ke6 46. Bd4 Rh3 47. a4 bxa4 48. bxa4 Rh1 49. a5 Ra1 50. Bb6 Ra3 51. Kxf3 Rxc3+ 52. Ke4 Rc4+ 53. Ke3 Ke5 54. Kd3 Kd5 55. Ke3 Re4+ 56. Kd3 Rb4 57. Ke3 Ra4 58. Kf3 Re4 59. Bc7 Re7 60. Bd8 Re8 61. Bb6 Re4 62. Bc7 Kd4 63. Bd8 Ke5 64. Bc7+ Kf5 65. Bb6 Re1 66. Be3 Ra1 67. Bb6 Ra3+ 68. Ke2 Ke4 69. Kd2 Kd5 70. Ke2 Rb3 71. Kd2 Kc4 72. Ke2 Rb5 73. Kd2 Re5 74. Bc7 Rd5+ 75. Ke3 Rd7 76. Bb6 Re7+ 77. Kd2 1/2-1/2

[Event "Pont de Vilomara op"]
[Site "Pont de Vilomara"]
[Date "1998.??.??"]
[Round "?"]
[White "Castany Pampalona, Luis Maria"]
[Black "Basas Gamazo, Josep"]
[Result "1-0"]
[WhiteElo "2150"]
[BlackElo "2125"]
[PlyCount "73"]
[EventDate "1998.??.??"]
[EventType "swiss"]
[EventRounds "9"]
[EventCountry "ESP"]
[SourceTitle "EXT 2003"]
[Source "ChessBase"]
[SourceDate "2002.11.25"]
[SourceVersion "1"]
[SourceVersionDate "2002.11.25"]
[SourceQuality "1"]

1. e4 c5 2. Nf3 d6 3. d4 cxd4 4. Nxd4 Nf6 5. Nc3 Nc6 6. Bc4 e6 7. Bb3 Be7 8. 0-0 0-0 9. Kh1 Na5 10. f4 a6 11. f5 Nxb3 12. axb3 Bd7 13. Qf3 Qc7 14. Qg3 Kh8 15. Bg5 Nh5 16. Qh4 Bxg5 17. Qxg5 Nf6 18. Rf3 e5 19. Rg3 Rg8 20. Nde2 Bc6 21. Rh3 Rad8 22. Ng3 h6 23. Nh5 Nxh5 24. Rxh5 f6 25. Qd2 Qf7 26. Rh3 Rd7 27. Rd3 Rgd8 28. Nd5 Bxd5 29. Rxd5 Qh5 30. c4 g6 31. fxg6 Qxg6 32. Rd3 Kh7 33. Rf1 Qg5 34. Qe2 d5 35. Rg3 Qh4 36. cxd5 Rc7 37. Rg4 1-0

[Event "Catalunya-chT"]
[Site "Spain"]
[Date "1998.??.??"]
[Round "8"]
[White "Oms Pallisse, Josep"]
[Black "Castany Pampalona, Luis Maria"]
[Result "1/2-1/2"]
[WhiteElo "2435"]
[BlackElo "2325"]
[PlyCount "71"]
[EventDate "1998.01.??"]
[EventType "team"]
[EventRounds "9"]
[EventCountry "ESP"]
[SourceTitle "EXT 2003"]
[Source "ChessBase"]
[SourceDate "2002.11.25"]
[SourceVersion "1"]
[SourceVersionDate "2002.11.25"]
[SourceQuality "1"]

1. c4 f5 2. Nc3 Nf6 3. g3 g6 4. Bg2 Bg7 5. d3 e5 6. e3 d6 7. Nge2 0-0 8. 0-0 Nc6 9. b3 Qe8 10. Bb2 Qf7 11. Qd2 Be6 12. f4 Rad8 13. e4 Qd7 14. Rae1 fxe4 15. dxe4 Nh5 16. Nd5 Rf7 17. f5 gxf5 18. Qg5 Nf6 19. exf5 Bxd5 20. cxd5 Nb4 21. Qd2 Qb5 22. Nc3 Qd3 23. Qe2 Bh6 24. Kh1 Qxe2 25. Rxe2 Ng4 26. Be4 Rdf8 27. a3 Na6 28. Rf3 Nc5 29. Bc2 Nf6 30. h3 e4 31. Nxe4 Nfxe4 32. Bxe4 Nxe4 33. Rxe4 Rxf5 34. Rg4+ Rg5 35. Rxg5+ Bxg5 36. Kg2 1/2-1/2

[Event "Murcia op"]
[Site "Murcia"]
[Date "1997.??.??"]
[Round "9"]
[White "Castany Pampalona, Luis Maria"]
[Black "Carbonell Bofill, Carlos Eloy"]
[Result "0-1"]
[WhiteElo "2140"]
[BlackElo "2240"]
[PlyCount "60"]
[EventDate "1997.??.??"]
[EventType "swiss"]
[EventRounds "9"]
[EventCountry "ESP"]
[SourceTitle "EXT 2000"]
[Source "ChessBase"]
[SourceDate "1999.11.16"]
[SourceVersion "1"]
[SourceVersionDate "1999.11.16"]
[SourceQuality "1"]

1. e4 e6 2. d4 d5 3. Nd2 Nf6 4. e5 Nfd7 5. c3 c5 6. Bd3 Nc6 7. Ne2 b6 8. a3 a5 9. Qa4 Qc7 10. 0-0 Be7 11. f4 g6 12. g4 0-0 13. f5 Ndxe5 14. dxe5 Nxe5 15. Bb5 c4 16. f6 Bc5+ 17. Kh1 Bb7 18. Nd4 Nxg4 19. N2f3 e5 20. Bc6 e4 21. Bxb7 exf3 22. Nxf3 Qxb7 23. Nd4 Rfe8 24. Qc2 Re4 25. Qg2 Rae8 26. h3 Ne3 27. Bxe3 Rxe3 28. Nf5 Rd3 29. Rae1 Qd7 30. Ng7 Rxh3+ 0-1

[Event "Catalunya-chT"]
[Site "Spain"]
[Date "1997.??.??"]
[Round "5"]
[White "Castany Pampalona, Luis Maria"]
[Black "Medina Garcia, Antonio Angel"]
[Result "0-1"]
[WhiteElo "2140"]
[BlackElo "2330"]
[PlyCount "84"]
[EventDate "1997.??.??"]
[EventType "team"]
[EventRounds "9"]
[EventCountry "ESP"]
[SourceTitle "EXT 2002"]
[Source "ChessBase"]
[SourceDate "2001.11.25"]
[SourceVersion "1"]
[SourceVersionDate "2001.11.25"]
[SourceQuality "1"]

1. e4 e5 2. Nc3 Nc6 3. f4 Bc5 4. Nf3 d6 5. Na4 Bg4 6. Bb5 Nge7 7. Nxc5 dxc5 8. d3 0-0 9. c3 exf4 10. Bxf4 Ng6 11. Bg3 Nce5 12. d4 cxd4 13. cxd4 Bxf3 14. gxf3 Qxd4 15. Kf1 Qe3 16. Be2 Nf4 17. Bf2 Ng4 18. Bxe3 Nxe3+ 19. Kf2 Nxd1+ 20. Rhxd1 Rfd8 21. Bc4 Kf8 22. Ke3 g5 23. Rg1 h6 24. h4 f6 25. hxg5 fxg5 26. Rh1 Ng2+ 27. Ke2 Rd6 28. Rh2 Nf4+ 29. Ke3 Re8 30. Rc1 Kg7 31. Bb5 c6 32. Bc4 Re5 33. Be2 Re7 34. a3 a5 35. Rc5 Nd5+ 36. Kf2 b6 37. Rc2 Nf4 38. Rh1 Red7 39. Ke3 Ng2+ 40. Kf2 Nf4 41. b4 axb4 42. axb4 Rd2 0-1

[Event "Catalunya-chT"]
[Site "Spain"]
[Date "1997.??.??"]
[Round "2"]
[White "Granados Gomez, Manuel"]
[Black "Castany Pampalona, Luis Maria"]
[Result "1/2-1/2"]
[WhiteElo "2355"]
[BlackElo "2140"]
[PlyCount "134"]
[EventDate "1997.??.??"]
[EventType "team"]
[EventRounds "9"]
[EventCountry "ESP"]
[SourceTitle "EXT 2002"]
[Source "ChessBase"]
[SourceDate "2001.11.25"]
[SourceVersion "1"]
[SourceVersionDate "2001.11.25"]
[SourceQuality "1"]

1. d4 f5 2. g3 Nf6 3. Bg2 g6 4. c4 Bg7 5. Nh3 d6 6. d5 Nbd7 7. 0-0 0-0 8. Nc3 Ne5 9. b3 Bd7 10. Bb2 c6 11. Qd2 h6 12. f4 Neg4 13. e3 Qb6 14. Rae1 cxd5 15. Nxd5 Nxd5 16. Bxd5+ e6 17. Bxg7 Kxg7 18. Bg2 Bc6 19. Bxc6 Qxc6 20. Nf2 Nf6 21. Rd1 Rad8 22. Qd4 b6 23. Rfe1 d5 24. cxd5 Rxd5 25. Qb2 Rfd8 26. Rxd5 Rxd5 27. e4 Rc5 28. exf5 gxf5 29. Qe2 Rc2 30. Qxe6 Qxe6 31. Rxe6 Rxa2 32. Re7+ Kg8 33. h3 Ra3 34. Re3 a5 35. Rd3 Ne4 36. Nxe4 fxe4 37. Rc3 b5 38. Kf2 b4 39. Rc5 Kf7 40. h4 Kg7 41. h5 Ra2+ 42. Ke3 Rg2 43. Kxe4 Rxg3 44. Rxa5 Rxb3 45. Kf5 Rg3 46. Ra7+ Kg8 47. Rb7 b3 48. Kf6 Rc3 49. Rb6 Kh7 50. f5 Kg8 51. Rb8+ Kh7 52. Kf7 Rc7+ 53. Kf8 Rc6 54. Rb7+ Kh8 55. Kf7 Rc3 56. f6 Re3 57. Kf8 Re6 58. f7 Re3 59. Rb8 Kh7 60. Rb6 Rf3 61. Rb4 Re3 62. Rb8 Kh8 63. Rb4 Kh7 64. Rb6 Rf3 65. Ke7 Re3+ 66. Kd7 Kg7 67. Rf6 Kf8 1/2-1/2

[Event "Barcelona"]
[Site "Barcelona"]
[Date "1997.??.??"]
[Round "?"]
[White "Oms Pallisse, Josep"]
[Black "Castany Pampalona, Luis Maria"]
[Result "1-0"]
[WhiteElo "2435"]
[BlackElo "2325"]
[PlyCount "79"]
[EventDate "1997.??.??"]
[EventType "tourn"]
[EventRounds "9"]
[EventCountry "ESP"]
[SourceTitle "EXT 2008"]
[Source "ChessBase"]
[SourceDate "2007.11.25"]
[SourceVersion "1"]
[SourceVersionDate "2007.11.25"]
[SourceQuality "1"]

1. e4 Nf6 2. e5 Nd5 3. d4 d6 4. Nf3 Bg4 5. Be2 e6 6. 0-0 Be7 7. c4 Nb6 8. Nc3 0-0 9. Be3 d5 10. c5 N6d7 11. b4 f6 12. exf6 Bxf6 13. b5 Nxc5 14. dxc5 Bxc3 15. Rc1 Bf6 16. c6 bxc6 17. bxc6 a5 18. Qa4 Bh5 19. Qb5 Na6 20. Qxa5 Be7 21. Qb5 Nb4 22. a3 Rb8 23. Qa4 Rxf3 24. Bxf3 Bxf3 25. gxf3 Bd6 26. Rfd1 Qh4 27. Kf1 d4 28. Rxd4 Qh3+ 29. Ke2 Nd5 30. Rxd5 exd5 31. Qg4 Rb2+ 32. Kd3 Rb3+ 33. Kd4 Qxg4+ 34. fxg4 Bxa3 35. Rc2 Rb4+ 36. Kxd5 Rxg4 37. Ke6 Re4+ 38. Kd7 Re7+ 39. Kd8 Kf7 40. Bf4 1-0

[Event "Murcia op"]
[Site "Murcia"]
[Date "1997.??.??"]
[Round "3"]
[White "Perez Fungueiro, Manuel Antonio"]
[Black "Castany Pampalona, Luis Maria"]
[Result "1-0"]
[WhiteElo "2280"]
[BlackElo "2140"]
[PlyCount "57"]
[EventDate "1997.??.??"]
[EventType "swiss"]
[EventRounds "9"]
[EventCountry "ESP"]
[SourceTitle "EXT 2000"]
[Source "ChessBase"]
[SourceDate "1999.11.16"]
[SourceVersion "1"]
[SourceVersionDate "1999.11.16"]
[SourceQuality "1"]

1. c4 Nf6 2. Nc3 g6 3. g3 Bg7 4. Bg2 0-0 5. Nf3 d6 6. 0-0 c6 7. Rb1 e5 8. d3 a5 9. a3 h6 10. Bd2 Be6 11. Qe1 Kh7 12. b4 Nbd7 13. bxa5 Nc5 14. Nd1 Nfd7 15. Bb4 f5 16. Nd2 Qe7 17. Nb3 Nxb3 18. Rxb3 Nc5 19. Rb1 f4 20. Qd2 Bf5 21. Nc3 Ne6 22. Ne4 Nd4 23. Qb2 Bxe4 24. Bxe4 f3 25. exf3 Nxf3+ 26. Bxf3 Rxf3 27. Qe2 Raf8 28. Bd2 Qd7 29. Kg2 1-0

[Event "Catalunya-ch U20"]
[Site "Catalunya"]
[Date "1996.??.??"]
[Round "5"]
[White "Castany Pampalona, Luis Maria"]
[Black "Baches Garcia, Guillermo"]
[Result "1-0"]
[WhiteElo "2175"]
[BlackElo "2130"]
[PlyCount "71"]
[EventDate "1996.??.??"]
[EventType "swiss"]
[EventRounds "8"]
[EventCountry "ESP"]
[SourceTitle "EXT 2021"]
[Source "ChessBase"]
[SourceDate "2020.10.23"]
[SourceVersion "1"]
[SourceVersionDate "2020.10.23"]
[SourceQuality "1"]

1. e4 c5 2. Nf3 d6 3. d4 cxd4 4. Nxd4 Nf6 5. Nc3 a6 6. Be3 e5 7. Nb3 Be6 8. f3 Nbd7 9. Qd2 Be7 10. g4 h6 11. 0-0-0 b5 12. h4 Nb6 13. Qf2 Nc4 14. Bxc4 bxc4 15. Nc5 Qc7 16. Nxe6 fxe6 17. g5 hxg5 18. hxg5 Rxh1 19. Rxh1 Nd7 20. Rh8+ Bf8 21. f4 exf4 22. Qxf4 Rc8 23. Bd4 Ke7 24. g6 Re8 25. Qh4+ Nf6 26. Bxf6+ Kd7 27. Bd4 Be7 28. Qh5 Rxh8 29. Qxh8 Qa5 30. e5 dxe5 31. Be3 Bf6 32. Qb8 e4 33. Qb7+ Kd6 34. Bf4+ e5 35. Be3 Ke6 36. Qc8+ 1-0

[Event "Catalunya-ch"]
[Site "Barcelona"]
[Date "1996.??.??"]
[Round "7"]
[White "Castany Pampalona, Luis Maria"]
[Black "Jerez Perez, Alfonso"]
[Result "1/2-1/2"]
[WhiteElo "2175"]
[BlackElo "2335"]
[PlyCount "84"]
[EventDate "1996.??.??"]
[EventType "swiss"]
[EventRounds "7"]
[EventCountry "ESP"]
[SourceTitle "EXT 2002"]
[Source "ChessBase"]
[SourceDate "2001.11.25"]
[SourceVersion "1"]
[SourceVersionDate "2001.11.25"]
[SourceQuality "1"]

1. e4 Nc6 2. d4 d5 3. e5 Bf5 4. c3 e6 5. Nf3 f6 6. exf6 Qxf6 7. Qb3 0-0-0 8. Na3 h6 9. Bf4 Bd6 10. Be3 Be4 11. Ne5 Bxe5 12. dxe5 Qxe5 13. 0-0-0 Nge7 14. Nb5 a6 15. Nd4 Nxd4 16. Bxd4 Qf4+ 17. Rd2 Nc6 18. Be3 Qd6 19. f3 Bh7 20. Qa4 e5 21. Bc4 Qg6 22. Bd3 Qe6 23. Bxh7 Rxh7 24. Rhd1 g5 25. b4 Rhd7 26. b5 Nb8 27. Qb3 axb5 28. Qxb5 Qc6 29. Qxc6 Nxc6 30. h4 d4 31. cxd4 exd4 32. hxg5 hxg5 33. Bxg5 Rf8 34. Bh6 Rf6 35. Bg5 Rfd6 36. Rh1 b6 37. f4 d3 38. Kb2 Na5 39. Rdd1 Nc4+ 40. Kb3 Ne3 41. Rd2 c5 42. Rh3 Nxg2 1/2-1/2